Taming wild extensions : Hopf algebras and local Galois module theory

Αποθηκεύτηκε σε:
Λεπτομέρειες βιβλιογραφικής εγγραφής
Κύριος συγγραφέας: Childs, Lindsay
Μορφή: Βιβλίο
Γλώσσα:English
Δημοσίευση: Providence, RI : American Mathematical Society, c2000
Σειρά:Mathematical surveys and monographs ; ; 80
Θέματα:
Ετικέτες: Προσθήκη ετικέτας
Δεν υπάρχουν, Καταχωρήστε ετικέτα πρώτοι!

MARC

LEADER 00000nam a2200000 i 4500
001 1/66969
008 071211s2000 eng d
020 |a 0-8218-2131-8 
035 |l 10092974 
040 |a GR-MY-UA  |b gre  |e aacr 
041 0 |a eng 
082 0 |a 512.55  |2 (22) 
100 1 |a Childs, Lindsay. 
245 1 0 |a Taming wild extensions :  |b Hopf algebras and local Galois module theory /  |c Lindsay N. Childs 
260 |a Providence, RI :   |b American Mathematical Society,   |c c2000 
300 |a viii, 215 σ.;  |c 27 εκ. 
490 1 |a Mathematical surveys and monographs  |v ; 80 
504 |a Περιέχει βιβλιογραφικές παραπομπές (σ. 205-211) και ευρετήριο 
650 0 0 |a Hopf algebras. 
650 0 0 |a Galois modules (Algebra) 
650 0 0 |a Field extensions (Mathematics) 
830 0 |a Mathematical surveys and monographs ;  |v ; 80 
852 |a INST  |b SAMOS  |e 20071211  |h 512.55 CHI  |p 005300027535  |q 005300027535  |t BK  |y 0 
901 |a BIBL3-2007-3 
909 |a Σ  |b 140451 
922 |a 3ΕΛΗ  |b 200711  |c ΕΠΕΑΕΚ2/ΤΜΗΜΑ ΜΑΘΗΜΑΤΙΚΩΝ  |d ΕΛΕΥΘΕΡΟΥΔΑΚΗΣ 
970 |a ΡΟΥΣΣΟΥ  |b ΚΩΝΣΤΑΝΤΙΝΑ  |z 2007/12/11